| 000 | 00000nam##2200000za#4500 |
| 001 | 9.641891 |
| 003 | CaOODSP |
| 005 | 20210624223432 |
| 007 | cr ||||||||||| |
| 008 | 150407|2001||||xxc|||||o f|0| 0 fre|d |
| 040 | |aCaOODSP|bfre |
| 043 | |an-cn--- |
| 086 | 1 |aR2-145/2001F-PDF |
| 110 | 1 |aCanada.|bAffaires indiennes et du Nord. |
| 245 | 10|aLes anciens combattants autochtones : |h[ressource électronique]|bune histoire d'honneur et d'héroïsme |
| 260 | |aOttawa - Ontario : |bAffaires indiennes et du Nord |c2000. |
| 300 | |a4p.|bill. en couleur |
| 500 | |aLe n° de catalogue (R2-145/2001F) et l'ISBN (0-662-85661-9) de l'édition imprimée ont été incorrectement copiés dans la version électronique. |
| 590 | |a13-13-Supp|b2013-05-21 |
| 691 | 07|aAncien combattant|2gcpds |
| 691 | 07|aAutochtones|2gcpds |
| 775 | 08|tAboriginal veterans : |w(CaOODSP)9.697900 |
| 776 | 0#|tLes anciens combattants autochtones : |w(CaOODSP)9.681458 |
| 856 | 40|ahttp://publications.gc.ca|qPDF|s275 Ko|uhttps://publications.gc.ca/collections/collection_2013/aadnc-aandc/R2-145-2001-fra.pdf |
| 986 | |aQS-6120-013-FF-A1 |